Names of Countries, Nationalities and Languages in French - Statistics

General Stats
  • This quiz has been taken 117 times
    36 since last reset
  • The average score is 16 of 24
Answer Stats
Hint Answer % Correct
France La France
100%
England L'Angleterre
93%
English L'Anglais
90%
French Le Français
87%
Germany L'Allemagne
80%
Italy L'Italie
80%
Italian L'Italien
77%
Spain L'Espagne
73%
Canada Le Canada
70%
China La Chine
67%
American L'Américain
67%
Russia La Russie
67%
Portugal Le Portugal
67%
United States Les États-Unis
67%
Spanish L'Espagnol
67%
German L'Allemand
63%
Canadian Le Canadien
63%
Chinese Le Chinois
63%
Russian Le Russe
60%
Turkey La Turquie
53%
Netherlands Les Pays-Bas
53%
Turkish Le Turc
50%
Portuguese Le Portugais
37%
Dutch Le Néerlandais
33%
No matching quizzes found
Score Distribution
Percent of People with Each Score
Percentile by Number Answered
Your Score History
You have not taken this quiz since the last reset